00520cam a2200169ua 450000100060000000800390000602000180004504000090006308200200007210000300009224501220012225000120024426000440025630000100030065300210031065300190033111829191111n ii |||gr||||Z||||||eng a9788183242332 cMAIN a954.03508991451 aGuptajit Pathak,eAuthor. aAssamese women in Indian independence Movement : bwith special emphasis on Kanaklata Barua / cBy Guptajit Pathak .  a1st ed. aNew Delhi:bMittal Publications,c2008. a122p. aSouth Asia India aIndian History